[Event "Belgrade-chT"]
[Site "Belgrade"]
[Date "2017.10.21"]
[Round "6.3"]
[White "Jovanovic, Nenad R"]
[Black "Karleusa, Mirko"]
[Result "1-0"]
[WhiteElo "2286"]
[BlackElo "2038"]
[PlyCount "99"]
[EventDate "2017.10.01"]
[EventType "team-tourn"]
[EventRounds "11"]
[EventCountry "SRB"]
[SourceTitle "CBM 181 Extra"]
[Source "ChessBase"]
[SourceDate "2017.12.12"]
[SourceVersion "1"]
[SourceVersionDate "2017.12.12"]
[SourceQuality "1"]
[WhiteTeam "Cyril i Metodije"]
[BlackTeam "Dunavski Venac"]
[WhiteTeamCountry "SRB"]
[BlackTeamCountry "SRB"]

1. Nf3 d5 2. b3 e6 3. Bb2 f5 4. c4 Nf6 5. g3 Bd6 6. Bg2 c6 7. 0-0 0-0 8. d3 Nbd7 9. Nbd2 e5 10. e4 fxe4 11. dxe4 d4 12. Ne1 Nc5 13. b4 Ne6 14. c5 Bc7 15. Qb3 Kh8 16. Rc1 Qe7 17. Nd3 Bd7 18. Nc4 Ng5 19. f4 exf4 20. e5 Nd5 21. Nxf4 Ne3 22. Nxe3 dxe3 23. Qxe3 Rae8 24. Rce1 Ne6 25. Rd1 b6 26. Nd3 Rxf1+ 27. Rxf1 Kg8 28. h4 Rf8 29. Rxf8+ Qxf8 30. Kh2 Qe7 31. Be4 g6 32. Nf2 bxc5 33. Ng4 Nd4 34. bxc5 Bxg4 35. Qxd4 Qe6 36. Bxc6 Qxc6 37. Qxg4 Qxc5 38. Qe6+ Kf8 39. Qf6+ Ke8 40. Qe6+ Kf8 41. Qf6+ Ke8 42. e6 Qc2+ 43. Kh3 Qf5+ 44. Qxf5 gxf5 45. g4 f4 46. Bf6 f3 47. g5 Bd6 48. h5 Kf8 49. h6 Bf4 50. g6 1-0